Candidats à la présidentielle 2022 par nombre de communes en tête - Statistiques

Statistiques générales
  • Ce quiz a été pris 263 fois
  • Le résultat moyen est 7 sur 10
Statistiques - réponses
Nombre de communes Candidat % Correct
11 228 Emmanuel Macron
100%
19 951 Marine Le Pen
100%
2 771 Jean Luc Mélenchon
91%
34 Eric Zemmour
75%
28 Valérie Pécresse
72%
234 Jean Lassalle
61%
5 Anne Hidalgo
60%
8 Yannick Jadot
60%
10 Fabien Roussel
55%
4 Nicolas Dupont-Aignan
50%
Aucun quiz correspondant
Distribution des résultats
% des personnes avec chaque résultat
Percentile par nombre de réponses
Votre historique - résultats
Vous n’avez pas pris ce quiz